000 00740nab a2200229u 4500
001 11113
003 HDC
007 c| |||a|c|aaaa
008 210206b99991103my ||||o |||| 00| 0 eng d
040 _aHDC
245 0 _aSME Corp To Launch Tube 2.0 Scheme At End-november
336 _atext
_2rdacontent
337 _acomputer
_2rdamedia
338 _aonline resource
_2rdacarrier
650 _aentrepreneurship
_9209
650 _aTunas Usahawan Belia Bumiputera (TUBE)
_910800
710 _aBernama
856 _zRequest full-text at [email protected]
942 _2lcc
942 _cNEWS
942 _kNWS0 000888
999 _c8436
_d8436